Les contemporains études et portraits littéraires
Guardat en:
| Autor principal: | |
|---|---|
| Format: | Llibre |
| Idioma: | Undetermined |
| Publicat: |
París, Francia
Boivin & Cía.
1903
|
| Matèries: | |
| Etiquetes: |
Afegir etiqueta
Sense etiquetes, Sigues el primer a etiquetar aquest registre!
|
MARC
| LEADER | 00000nam a2200000Ia 4500 | ||
|---|---|---|---|
| 008 | 170316s9999 xx 000 0 und d | ||
| 040 | |a cru BVZT | ||
| 090 | |a A-840 L-2.1c | ||
| 100 | |a Lemaitre, Jules | ||
| 245 | |a Les contemporains études et portraits littéraires | ||
| 260 | |a París, Francia | ||
| 260 | |b Boivin & Cía. | ||
| 260 | |c 1903 | ||
| 300 | |a 255 páginas | ||
| 650 | |a LITERATURA FRANCESA | ||
| 650 | |a ANTOLOGÍA | ||
| 650 | |a THEODORE DE BANVILLE | ||
| 650 | |a SULLY - PRUDHOMME | ||
| 650 | |a FRANCOIS COPPEE | ||
| 650 | |a EDOUARD GRENIER | ||
| 650 | |a LE NEO - HELLENISME | ||
| 999 | |c 12424 |d 12424 | ||
| 942 | |c 15 D |h A-840 L-2.1c |2 z | ||
